<?xml version="1.0" encoding="UTF-8"?>
<record
    xmlns:xsi="http://www.w3.org/2001/XMLSchema-instance"
    xsi:schemaLocation="http://www.loc.gov/MARC21/slim http://www.loc.gov/standards/marcxml/schema/MARC21slim.xsd"
    xmlns="http://www.loc.gov/MARC21/slim">

  <leader>03646nam a2200589Ia 4500</leader>
  <controlfield tag="001">5648</controlfield>
  <controlfield tag="008">241029s9999    xx            000 0 und d</controlfield>
  <datafield tag="010" ind1=" " ind2=" ">
    <subfield code="a">5304</subfield>
  </datafield>
  <datafield tag="041" ind1=" " ind2=" ">
    <subfield code="a">Espa&#xF1;ol</subfield>
  </datafield>
  <datafield tag="082" ind1=" " ind2=" ">
    <subfield code="a">N/A</subfield>
  </datafield>
  <datafield tag="245" ind1=" " ind2="0">
    <subfield code="a"> Nivel de integraci&#xF3;n de padres, madres y amigos para la calidad del proceso de ense&#xF1;anza-aprendizaje de los alumnos del segundo ciclo del nivel primario del Centro Educativo Anacleto Escol&#xE1;stico D&#xED;az del Distrito Educativo 14-02 de Cabrera, per&#xED;odo 2016-2017.</subfield>
  </datafield>
  <datafield tag="260" ind1=" " ind2=" ">
    <subfield code="a">Mar&#xED;a Trinidad S&#xE1;nchez</subfield>
  </datafield>
  <datafield tag="300" ind1=" " ind2=" ">
    <subfield code="a">127</subfield>
  </datafield>
  <datafield tag="520" ind1=" " ind2=" ">
    <subfield code="a">26</subfield>
  </datafield>
  <datafield tag="630" ind1=" " ind2=" ">
    <subfield code="a">Calidad</subfield>
  </datafield>
  <datafield tag="630" ind1=" " ind2=" ">
    <subfield code="a">Calidad Educativa</subfield>
  </datafield>
  <datafield tag="630" ind1=" " ind2=" ">
    <subfield code="a">Comunidad Educativa</subfield>
  </datafield>
  <datafield tag="630" ind1=" " ind2=" ">
    <subfield code="a">Gesti&#xF3;n</subfield>
  </datafield>
  <datafield tag="630" ind1=" " ind2=" ">
    <subfield code="a">Integraci&#xF3;n Familiar</subfield>
  </datafield>
  <datafield tag="650" ind1=" " ind2=" ">
    <subfield code="a">Gesti&#xF3;n Educativa</subfield>
  </datafield>
  <datafield tag="690" ind1=" " ind2=" ">
    <subfield code="a">Elaborado</subfield>
  </datafield>
  <datafield tag="700" ind1=" " ind2=" ">
    <subfield code="e">asesor</subfield>
    <subfield code="a">Escol&#xE1;stico, Apolinar</subfield>
  </datafield>
  <datafield tag="700" ind1=" " ind2=" ">
    <subfield code="e">autor</subfield>
    <subfield code="a">Hilario Guzm&#xE1;n , Dulce Mar&#xED;a </subfield>
  </datafield>
  <datafield tag="700" ind1=" " ind2=" ">
    <subfield code="e">autor</subfield>
    <subfield code="a">Tavares Guzm&#xE1;n, Anselma Ofelia</subfield>
  </datafield>
  <datafield tag="700" ind1=" " ind2=" ">
    <subfield code="e">autor</subfield>
    <subfield code="a">Gonz&#xE1;lez Gonz&#xE1;lez , Angelita Delin&#xE9;</subfield>
  </datafield>
  <datafield tag="901" ind1=" " ind2=" ">
    <subfield code="a">{"1":"Hilario Guzm&#xE1;n ","2":"Tavares Guzm&#xE1;n","3":"Gonz&#xE1;lez Gonz&#xE1;lez "}</subfield>
    <subfield code="b">{"1":"Dulce Mar&#xED;a ","2":"Anselma Ofelia","3":"Angelita Delin&#xE9;"}</subfield>
  </datafield>
  <datafield tag="902" ind1=" " ind2=" ">
    <subfield code="a">1</subfield>
  </datafield>
  <datafield tag="903" ind1=" " ind2=" ">
    <subfield code="a">{"1":"Escol&#xE1;stico"}</subfield>
    <subfield code="b">{"1":"Apolinar"}</subfield>
  </datafield>
  <datafield tag="904" ind1=" " ind2=" ">
    <subfield code="a">Maestr&#xED;a en</subfield>
  </datafield>
  <datafield tag="905" ind1=" " ind2=" ">
    <subfield code="a">Gesti&#xF3;n de Centros Educativos</subfield>
  </datafield>
  <datafield tag="906" ind1=" " ind2=" ">
    <subfield code="a">2</subfield>
  </datafield>
  <datafield tag="907" ind1=" " ind2=" ">
    <subfield code="a">NO APLICA</subfield>
  </datafield>
  <datafield tag="908" ind1=" " ind2=" ">
    <subfield code="a">NO APLICA</subfield>
  </datafield>
  <datafield tag="909" ind1=" " ind2=" ">
    <subfield code="a">Universidad Abierta para Adultos, Cibao Oriental (Nagua)</subfield>
  </datafield>
  <datafield tag="910" ind1=" " ind2=" ">
    <subfield code="a">NULL</subfield>
    <subfield code="b">NULL</subfield>
  </datafield>
  <datafield tag="911" ind1=" " ind2=" ">
    <subfield code="a">["1"]</subfield>
  </datafield>
  <datafield tag="912" ind1=" " ind2=" ">
    <subfield code="a">NO APLICA</subfield>
  </datafield>
  <datafield tag="913" ind1=" " ind2=" ">
    <subfield code="a">NULL</subfield>
  </datafield>
  <datafield tag="914" ind1=" " ind2=" ">
    <subfield code="a">08 de Febrero de 2017</subfield>
  </datafield>
  <datafield tag="915" ind1=" " ind2=" ">
    <subfield code="a">31/10/19 11:10</subfield>
  </datafield>
  <datafield tag="916" ind1=" " ind2=" ">
    <subfield code="a">NULL</subfield>
  </datafield>
  <datafield tag="917" ind1=" " ind2=" ">
    <subfield code="a">NULL</subfield>
  </datafield>
  <datafield tag="918" ind1=" " ind2=" ">
    <subfield code="a">NO APLICA</subfield>
  </datafield>
  <datafield tag="919" ind1=" " ind2=" ">
    <subfield code="a">["28","29","45","111","123"]</subfield>
  </datafield>
  <datafield tag="520" ind1=" " ind2=" ">
    <subfield code="a">El estudio sobre el nivel de integraci&#xF3;n de padres, madres y amigos para la calidad del proceso de ense&#xF1;anza-aprendizaje de los alumnos del segundo ciclo del nivel primario del Centro Educativo Anacleto Escol&#xE1;stico D&#xED;az, del Distrito Educativo 14-02 de Cabrera, per&#xED;odo 2016-2017. Tiene como objetivo general determinar el nivel de integraci&#xF3;n de padres, madres y amigos para la calidad del proceso de ense&#xF1;anza-aprendizaje de los alumnos del segundo ciclo del nivel primario del Centro Educativo Anacleto Escol&#xE1;stico D&#xED;az.La investigaci&#xF3;n tiene un dise&#xF1;o no experimental y de tipo descriptivo, la t&#xE9;cnica utilizada para recolectar los datos fue la observaci&#xF3;n. Las poblaciones objeto de estudio fueron: cinco (5) integrantes del equipo de gesti&#xF3;n, 16 docentes y 132 padres, madres y amigos, de los alumnos del segundo del Centro Educativo Anacleto Escol&#xE1;stico D&#xED;az.Entre las principales conclusiones se encuentran: el 55% de los padres, madres y amigos de la escuela participa en las escuelas de padres. El 45% ha recibido asesor&#xED;a sobre la forma de participar en la escuela donde participa su hijo, el 40% participan de la entrega y socializan en los cuadernos de familia, el 60% muestran inter&#xE9;s en la educaci&#xF3;n que reciben sus hijos, el 40% visitan el centro para saber el ritmo de aprendizaje de los hijos, el 75% de los padres, madres y amigos colaboran con sus hijos en la realizaci&#xF3;n de las tareas.Se recomienda al director del centro educativo y al equipo de gesti&#xF3;n, dise&#xF1;ar estrategias que posibiliten la integraci&#xF3;n de padres y madres al proceso ense&#xF1;anza y aprendizaje. As&#xED; mism, a los docentes propiciar el acercamiento de padres, madres y amigos al centro educativo de manera que puedan tener conocimiento del comportamiento y aprendizaje de sus hijos.</subfield>
  </datafield>
  <datafield tag="921" ind1=" " ind2=" ">
    <subfield code="a">28</subfield>
  </datafield>
  <datafield tag="922" ind1=" " ind2=" ">
    <subfield code="a">28</subfield>
  </datafield>
  <datafield tag="923" ind1=" " ind2=" ">
    <subfield code="a">0</subfield>
  </datafield>
  <datafield tag="924" ind1=" " ind2=" ">
    <subfield code="a">NO APLICA</subfield>
  </datafield>
  <datafield tag="942" ind1=" " ind2=" ">
    <subfield code="c">Tesis</subfield>
  </datafield>
  <datafield tag="999" ind1=" " ind2=" ">
    <subfield code="c">5304</subfield>
    <subfield code="d">5304</subfield>
  </datafield>
</record>
